| 000 -CABECERA |
| Longitud fija campo de control |
01197nam a2200301 a 4500 |
| 001 - NÚMERO DE CONTROL |
| Número de control |
991048896989706706 |
| 003 - IDENTIFICADOR DEL NÚMERO DE CONTROL |
| Identificador del número de control |
OSt |
| 005 - FECHA Y HORA DE LA ÚLTIMA TRANSACCIÓN |
| Fecha y hora de la última transacción |
20240829114236.0 |
| 008 - CÓDIGOS DE INFORMACIÓN DE LONGITUD FIJA |
| Códigos de información de longitud fija |
070614s2007 spc|||||| 000 ||cat |
| 017 ## - NÚMERO DE COPYRIGHT O DE DEPÓSITO LEGAL |
| Número de copyright o de depósito legal |
DL B.18686-2021 |
| Agencia que asigna el número |
Biblioteca de Catalunya |
| 035 ## - NÚMERO DE CONTROL DEL SISTEMA |
| Número de control del sistema |
(ES-BaCBU).b37546296 |
| 040 ## - FUENTE DE LA CATALOGACIÓN |
| Centro catalogador de origen |
CDMR |
| Centro transcriptor |
CDMR |
| Lengua de catalogación |
cat |
| 041 0# - CÓDIGO DE LENGUA |
| Código de lengua del texto/banda sonora o título independiente |
cat |
| -- |
spa |
| 043 ## - CÓDIGO DE ÁREA GEOGRÁFICA |
| Código de área geográfica |
e-sp--- |
| Código local GAC |
e-spc-- |
| Fuente del código local |
catmarc |
| Código de área geográfica |
e------ |
| 245 00 - MENCIÓN DE TÍTULO |
| Título |
Judy Dempsey : |
| Resto del título |
Premi "Ernest Udina a la trajectòria europeista" : XVI edició, 2021 [recurs electrònic] |
| Mención de responsabilidad, etc. |
/ [coordinació i edició a càrrec de Natàlia Segura] |
| 260 ## - PUBLICACIÓN, DISTRIBUCIÓN, ETC. (PIE DE IMPRENTA) |
| Lugar de publicación, distribución, etc. |
[Barcelona : |
| Nombre del editor, distribuidor, etc. |
Associació de Periodistes Europeus de Catalunya], |
| Fecha de publicación, distribución, etc. |
2021 |
| 300 ## - DESCRIPCIÓN FÍSICA |
| Extensión |
1 recurs electrònic (42 pàgines) |
| 546 ## - NOTA DE LENGUA |
| Nota de lengua |
Textos en català i anglès |
| 600 #0 - PUNTO DE ACCESO ADICIONAL DE MATERIA - NOMBRE DE PERSONA |
| Nombre de persona |
Dempsey, Judy |
| 9 (RLIN) |
4961 |
| 610 27 - PUNTO DE ACCESO ADICIONAL DE MATERIA - NOMBRE DE ENTIDAD CORPORATIVA |
| Nombre de entidad corporativa o nombre de jurisdicción como elemento inicial |
Unió Europea |
| Subdivisión geogr´fica |
Catalunya. |
| Fuente de encabezamiento o término |
lemac |
| 700 ## - PUNTO DE ACCESO ADICIONAL - NOMBRE DE PERSONA |
| 9 (RLIN) |
4962 |
| Nombre de persona |
Segura, Natàlia |
| 710 2# - PUNTO DE ACCESO ADICIONAL - NOMBRE DE ENTIDAD |
| Nombre de entidad o nombre de jurisdicción como elemento inicial |
Associació de Periodistes Europeus de Catalunya. |
| 856 ## - LOCALIZACIÓN Y ACCESO ELECTRÓNICO |
| Identificador Uniforme del Recurso (URI) |
<a href="https://www.apec.cat/wp-content/uploads/2021/12/LLIBRE-Judy-Dempsey-web.pdf">https://www.apec.cat/wp-content/uploads/2021/12/LLIBRE-Judy-Dempsey-web.pdf</a> |
| Nota pública |
Accés en línia |
| 907 ## - ELEMENTO G DATOS LOCALES, GDL (RLIN) |
| a |
.b37546296 |
| b |
16-02-21 |
| c |
12-05-08 |
| d |
07-05-08 |
| e |
m |
| f |
a |
| g |
- |
| h |
cat |
| i |
spc |
| j |
0 |
| k |
1 |
| 908 ## - CONTROL DE PARÁMETROS (RLIN) |
| Parametro de comando lanzado |
BC |
| 940 ## - |
| T&íacute;tulo uniforme |
<a href="BC">BC</a> |
| 942 ## - ENTRADA DE ELEMENTOS AGREGADOS (KOHA) |
| Fuente de clasificaión o esquema |
|
| Koha [por defecto] tipo de item |
Llibres electrònics |